Nová filozofia okolo odpadov
Finančná podpora z recyklačného fondu za separáty ako motivácia pre občana. Negatívne a pozitívne skúsenosti so separovaným zberom. Poplatky za likvidáciu komunálneho odpadu. Európske kritériá pre nakladanie s odpadom.
Salvato in:
| Autore principale: | |
|---|---|
| Altri autori: | |
| Natura: | Capitolo di libro |
| Lingua: | slovacco |
| Soggetti: | |
| Tags: |
Nessun Tag, puoi essere il primo ad aggiungerne!!
|
MARC
| LEADER | 00000naa a2200000 4500 | ||
|---|---|---|---|
| 001 | r044046 | ||
| 005 | 20230920074036.1 | ||
| 041 | 0 | |a slo | |
| 044 | |a SK | ||
| 245 | 1 | 0 | |a Nová filozofia okolo odpadov |c Ivan Polakovič, Gejza Pinter |
| 520 | |a Finančná podpora z recyklačného fondu za separáty ako motivácia pre občana. Negatívne a pozitívne skúsenosti so separovaným zberom. Poplatky za likvidáciu komunálneho odpadu. Európske kritériá pre nakladanie s odpadom. | ||
| 610 | 2 | 0 | |a odpad komunálny |
| 610 | 2 | 0 | |a odpad komunálny |
| 610 | 2 | 0 | |a recyklácia odpadu |
| 610 | 2 | 0 | |a občania |
| 610 | 2 | 0 | |a financovanie |
| 610 | 2 | 0 | |a ochrana prostredia životného |
| 610 | 2 | 0 | |a obce |
| 610 | 2 | 0 | |a poplatky |
| 610 | 2 | 0 | |a Slovensko |
| 610 | 2 | 0 | |a Európska únia |
| 100 | 1 | |a Polakovič, Ivan | |
| 700 | 1 | |a Pinter, Gejza | |